000
00284nam a2200121Ia 4500
008
190216s9999||||xx |||||||||||||| ||und||
100
_a
Vijayan O V
245
0
_a
Khasakinde Ithihasam
260
_b
D C Books Kerala
_c
1991
300
_a
182p
650
_a
Malayalam Novel
942
_c
BK
999
_c
26709
_d
26709